[Event "12sen.WM-H Naumburg"]
[Site "Naumburg/Saale(20.10.-03.11.)"]
[Date "2002.10.25"]
[Round "5"]
[White "Zhukov, Viktor"]
[Black "Piankov, Evgenij"]
[Result "0-1"]
[WhiteElo "2220"]
[BlackElo "2353"]
[PlyCount "76"]
[EventDate "2002.11.??"]

1. e4 c6 2. d4 d5 3. exd5 cxd5 4. Bd3 Nc6 5. c3 Qc7 6. Nf3 Bg4 7. h3 Bh5 8. Be3
e6 9. Nbd2 Nf6 10. Qc2 Bd6 11. O-O-O Bg6 12. Bxg6 hxg6 13. Kb1 b5 14. Qd3 Rb8
15. Ka1 a5 16. Ng5 a4 17. Ndf3 Na5 18. Rhe1 Nc4 19. Bc1 O-O 20. a3 Rb6 21. Re2
Rc6 22. Rde1 b4 23. Nxf7 Rxf7 24. Qxg6 bxc3 25. Ng5 cxb2+ 26. Bxb2 Nxb2 27.
Rxe6 Rc1+ 28. Rxc1 Qxc1+ 29. Ka2 Qc4+ 30. Ka1 Re7 31. Rxe7 Bxe7 32. Qf7+ Kh8
33. Ne6 Qf1+ 34. Ka2 Qxg2 35. Qxe7 Nc4 36. Qd8+ Kh7 37. Nf8+ Kh6 38. Qb8 Qxf2+
0-1

[Event "12sen.WM-H Naumburg"]
[Site "Naumburg/Saale(20.10.-03.11.)"]
[Date "2002.10.25"]
[Round "5"]
[White "Zurel, Maxim"]
[Black "Reichert, Rudolf"]
[Result "1-0"]
[WhiteElo "1802"]
[BlackElo "1563"]
[PlyCount "119"]
[EventDate "2002.11.??"]

1. e4 e6 2. d4 c5 3. Nf3 d5 4. e5 Nc6 5. Bb5 Qb6 6. Bxc6+ bxc6 7. O-O h6 8. Nc3
c4 9. Rb1 Bb4 10. Bd2 a5 11. Qe1 a4 12. a3 Be7 13. Ne2 Rb8 14. c3 Qd8 15. Ng3
h5 16. h3 h4 17. Ne2 g5 18. Qc1 Rh5 19. Nh2 Nh6 20. Qc2 Nf5 21. Qxa4 Kd7 22.
Ng4 Rh7 23. b3 cxb3 24. Rxb3 Rxb3 25. Qxb3 Ba6 26. Re1 Nh6 27. Nf6+ Bxf6 28.
exf6 Qxf6 29. Nc1 Rh8 30. Qb6 Bc4 31. Qb7+ Kd6 32. Re3 Nf5 33. Rf3 Rg8 34. Nb3
Bxb3 35. Qxb3 Kc7 36. Qb1 Rb8 37. Qc1 Rg8 38. a4 Qg6 39. a5 Nd6 40. a6 g4 41.
hxg4 Qxg4 42. Qf1 Qxf3 43. a7 Qg4 44. f3 Qg6 45. Bf4 h3 46. g3 Qf5 47. Qc1 f6
48. g4 e5 49. dxe5 fxe5 50. a8=Q Rxg4+ 51. fxg4 Qxg4+ 52. Kf1 Qf3+ 53. Ke1 Qh1+
54. Ke2 Qg2+ 55. Kd1 Qe4 56. Qa7+ Nb7 57. Qb2 Qh1+ 58. Kc2 Qe4+ 59. Kb3 exf4
60. Ka3 1-0

[Event "12sen.WM-H Naumburg"]
[Site "Naumburg/Saale(20.10.-03.11.)"]
[Date "2002.10.28"]
[Round "6"]
[White "Assmann, Hans"]
[Black "Zierott, Gert_ProfDr"]
[Result "0-1"]
[WhiteElo "1575"]
[BlackElo "1740"]
[PlyCount "104"]
[EventDate "2002.11.??"]

1. e4 c5 2. c4 Nc6 3. Nf3 d6 4. h3 g6 5. Nc3 Bg7 6. Be2 a6 7. d3 Rb8 8. O-O Nf6
9. Be3 O-O 10. a3 b5 11. cxb5 axb5 12. Qc1 Nd7 13. Bh6 Na5 14. Bxg7 Kxg7 15.
Nd5 e6 16. Ne3 f6 17. Bd1 Ba6 18. Ng4 g5 19. Qc3 e5 20. b4 Nc6 21. Qd2 Nd4 22.
Ne3 Kg6 23. Nxd4 cxd4 24. Nf5 Rh8 25. Nxd6 Nf8 26. Nf5 Bc8 27. Qe2 Bxf5 28.
Qh5+ Kg7 29. exf5 Qc8 30. Qf3 Nd7 31. Bb3 Nb6 32. Rac1 Qd8 33. Be6 Na4 34. h4
Nc3 35. hxg5 fxg5 36. Rfe1 Qf6 37. g4 Ra8 38. Ra1 Rhf8 39. Kg2 Rae8 40. Qg3 h5
41. gxh5 Rh8 42. Rh1 Ne2 43. Qf3 Nf4+ 44. Kg3 Nxe6 45. fxe6 Rxe6 46. Qxf6+ Rxf6
47. f3 Kh6 48. Rh3 Rc8 49. a4 bxa4 50. Rxa4 Rc3 51. Ra5 Rxd3 52. Rxe5 Rfxf3+
0-1

[Event "12sen.WM-H Naumburg"]
[Site "Naumburg/Saale(20.10.-03.11.)"]
[Date "2002.10.28"]
[Round "6"]
[White "Bachmann, Karlheinz"]
[Black "Kripp, Wolfgang"]
[Result "1/2-1/2"]
[WhiteElo "2299"]
[BlackElo "2172"]
[PlyCount "104"]
[EventDate "2002.11.??"]

1. c4 e6 2. Nf3 d5 3. g3 c5 4. Bg2 Nc6 5. O-O Nf6 6. d4 Be7 7. Nc3 O-O 8. cxd5
exd5 9. Bg5 Be6 10. dxc5 Bxc5 11. Rc1 Be7 12. Nd4 h6 13. Be3 Qd7 14. Nxc6 bxc6
15. Na4 Bh3 16. Bc5 Bxg2 17. Kxg2 Bxc5 18. Nxc5 Qe7 19. e3 Rab8 20. Qd4 Rfe8
21. b3 Qd6 22. Rc2 Nd7 23. Rfc1 Ne5 24. Nd3 Rb6 25. Nxe5 Rxe5 26. Qa4 Re6 27.
Qxa7 Qb4 28. Qa8+ Rb8 29. Qa4 Qxa4 30. bxa4 Rb6 31. Rc5 Kf8 32. a5 Ra6 33. Rb1
Re8 34. Rb6 Rea8 35. Rbxc6 Rxc6 36. Rxc6 Rxa5 37. Rc2 Ke7 38. Kf3 h5 39. h4 Ra4
40. Rd2 Ke6 41. Ke2 f6 42. Kd3 g5 43. hxg5 fxg5 44. Kc3 h4 45. Kb3 Ra8 46. gxh4
gxh4 47. f3 Rf8 48. Rf2 h3 49. Kc3 Rg8 50. Rh2 Rg3 51. Kd3 Rxf3 52. Ke2 Rf8
1/2-1/2

[Event "12sen.WM-H Naumburg"]
[Site "Naumburg/Saale(20.10.-03.11.)"]
[Date "2002.10.28"]
[Round "6"]
[White "Badestein, Hartmut"]
[Black "Lundberg, Gunnar"]
[Result "1-0"]
[WhiteElo "2122"]
[BlackElo "1972"]
[PlyCount "59"]
[EventDate "2002.11.??"]

1. e4 e5 2. Nf3 Nc6 3. Bb5 a6 4. Ba4 Nf6 5. d3 b5 6. Bb3 Be7 7. O-O O-O 8. Re1
d6 9. c3 Na5 10. Bc2 c5 11. Nbd2 Nc6 12. a4 b4 13. Nf1 Re8 14. h3 Bf8 15. d4
cxd4 16. cxd4 Bb7 17. d5 Ne7 18. a5 Rb8 19. Be3 Nd7 20. Ba4 Nc8 21. Qd3 f5 22.
Ng5 f4 23. Ne6 Qe7 24. Bd2 Na7 25. Rec1 Rec8 26. Rxc8 Bxc8 27. Rc1 Nc5 28. Nxc5
dxc5 29. d6 Qxd6 30. Bb3+ 1-0

[Event "12sen.WM-H Naumburg"]
[Site "Naumburg/Saale(20.10.-03.11.)"]
[Date "2002.10.25"]
[Round "6"]
[White "Barnstedt, Dietrich"]
[Black "Meinhardt, Guenther"]
[Result "1/2-1/2"]
[WhiteElo "2035"]
[BlackElo "1763"]
[PlyCount "65"]
[EventDate "2002.11.??"]

1. d4 c5 2. e3 Nf6 3. Nd2 d5 4. Bd3 e6 5. c3 Nc6 6. Ngf3 Be7 7. O-O O-O 8. Ne5
cxd4 9. exd4 Bd6 10. f4 Ne8 11. Ndf3 f6 12. Ng4 Qc7 13. g3 Qf7 14. Ne3 f5 15.
Ne5 Nxe5 16. fxe5 Be7 17. c4 dxc4 18. Bxc4 Qg6 19. Ng2 Nc7 20. Nf4 Qe8 21. Qb3
Bg5 22. Nxe6 Nxe6 23. Bxg5 a5 24. Be3 a4 25. Qb6 Kh8 26. d5 f4 27. dxe6 fxe3
28. Rxf8+ Qxf8 29. Rf1 Qe8 30. Qd6 Bxe6 31. Qxe6 Qh5 32. Qf7 Qxf7 33. Rxf7
1/2-1/2

[Event "12sen.WM-H Naumburg"]
[Site "Naumburg/Saale(20.10.-03.11.)"]
[Date "2002.10.28"]
[Round "6"]
[White "Baumgartner, Heinz"]
[Black "Reznikov, Emmanouil"]
[Result "1-0"]
[WhiteElo "2340"]
[BlackElo "2098"]
[PlyCount "43"]
[EventDate "2002.11.??"]

1. Nf3 d5 2. g3 c5 3. Bg2 Nc6 4. d4 e6 5. O-O cxd4 6. Nxd4 Bc5 7. Nb3 Be7 8. c4
Nf6 9. Nc3 dxc4 10. Nd2 O-O 11. Nxc4 Qxd1 12. Rxd1 Rd8 13. Bf4 Rxd1+ 14. Rxd1
Bd7 15. Ne4 Nd5 16. Bd6 Rd8 17. Bxe7 Ncxe7 18. Ne5 b6 19. Nc3 Bc8 20. e4 f6 21.
Nc4 Ba6 22. Ne3 1-0

[Event "12sen.WM-H Naumburg"]
[Site "Naumburg/Saale(20.10.-03.11.)"]
[Date "2002.10.28"]
[Round "6"]
[White "Becker, Karl_Heinz[31Dorm]"]
[Black "Kuhn, Arno[29Ludw]"]
[Result "0-1"]
[WhiteElo "1562"]
[BlackElo "1532"]
[PlyCount "100"]
[EventDate "2002.11.??"]

1. d4 d5 2. Nf3 Nf6 3. e3 e6 4. Bd3 Bd6 5. Nbd2 Nbd7 6. c4 c5 7. O-O O-O 8. Ng5
h6 9. Nh3 e5 10. Bf5 exd4 11. exd4 cxd4 12. Nf3 dxc4 13. Nxd4 Ne5 14. Bf4 a6
15. Bxc8 Rxc8 16. Nf5 Bb8 17. Qxd8 Rcxd8 18. Rac1 b5 19. b3 Nd3 20. Bxb8 Rxb8
21. Rc3 Nd5 22. Rc2 N5b4 23. Re2 Rbe8 24. Rxe8 Rxe8 25. bxc4 Nxa2 26. cxb5 axb5
27. Rb1 Re2 28. Nd4 Nc3 29. Nxe2 Nxb1 30. Nef4 Nxf4 31. Nxf4 Nc3 32. Nd3 Kf8
33. Kf1 Ke7 34. Ke1 Kd6 35. Kd2 Nd5 36. Kc2 f6 37. g3 g5 38. Kb3 Kc6 39. f3 Ne3
40. Kb4 Nd5+ 41. Kb3 Ne3 42. Kb4 f5 43. f4 gxf4 44. gxf4 Ng2 45. Ne5+ Kd5 46.
Kxb5 Ke4 47. Ng6 h5 48. Kc4 Nxf4 49. Nxf4 Kxf4 50. Kd3 h4 0-1

[Event "12sen.WM-H Naumburg"]
[Site "Naumburg/Saale(20.10.-03.11.)"]
[Date "2002.10.28"]
[Round "6"]
[White "Bergmann, Hans_Dieter"]
[Black "Dietze, Otto"]
[Result "1-0"]
[WhiteElo "1496"]
[BlackElo "2126"]
[PlyCount "57"]
[EventDate "2002.11.??"]

1. e4 Nc6 2. d4 d5 3. e5 e6 4. Nf3 Be7 5. c3 Bd7 6. Bd3 Rc8 7. h4 h6 8. Nbd2 a5
9. Nf1 Na7 10. a4 c5 11. Ng3 cxd4 12. Nxd4 Bxh4 13. Qg4 g5 14. Rxh4 gxh4 15.
Nh5 Bc6 16. Qg7 Qe7 17. Qxh8 Kd7 18. Nf6+ Nxf6 19. Qxf6 Qxf6 20. exf6 Rh8 21.
Nf3 d4 22. Ne5+ Ke8 23. Nxc6 Nxc6 24. cxd4 Nxd4 25. Be3 e5 26. Rc1 Kd8 27. Bxd4
exd4 28. Bf5 Re8+ 29. Kd2 1-0

[Event "12sen.WM-H Naumburg"]
[Site "Naumburg/Saale(20.10.-03.11.)"]
[Date "2002.10.28"]
[Round "6"]
[White "Bernhoeft, Erhard"]
[Black "Kristiansen, Erling"]
[Result "0-1"]
[WhiteElo "1988"]
[BlackElo "2257"]
[PlyCount "126"]
[EventDate "2002.11.??"]

1. Nf3 Nf6 2. g3 d5 3. Bg2 c5 4. c4 Nc6 5. cxd5 Nxd5 6. Nc3 Nc7 7. b3 e5 8. Bb2
Be7 9. Rc1 f6 10. Na4 Na6 11. O-O O-O 12. d3 Be6 13. Nd2 Rc8 14. Ne4 b6 15.
Nac3 Qd7 16. Qd2 Nab4 17. Rcd1 Rfd8 18. Qc1 Nd4 19. Qb1 b5 20. Nd2 a6 21. Rfe1
f5 22. Nf3 Bf6 23. Rc1 Bf7 24. Nd1 Bh5 25. Bxd4 cxd4 26. Nb2 Nd5 27. Kf1 Nc3
28. Qa1 e4 29. Ng1 Re8 30. f3 Bg5 31. f4 Bf6 32. Rc2 Rc7 33. Bh3 Qd5 34. Bg2
Qd6 35. a3 Rce7 36. b4 Nd5 37. Kf2 Nxf4 38. Nh3 Nxg2 39. Kxg2 exd3 40. Nxd3 Bf7
41. Qc1 h6 42. Kg1 Re3 43. Nhf4 Bc4 44. Rxc4 bxc4 45. Qxc4+ Kh7 46. Qf7 Bg5 47.
Qxf5+ Kg8 48. Rd1 Bxf4 49. Nxf4 Rxa3 50. Rc1 Rc3 51. Rf1 Rf8 52. Qa5 g5 53.
Qa2+ Kh7 54. Qb1+ Kg7 55. Nh5+ Kh8 56. Qe4 Rxf1+ 57. Kxf1 Rc1+ 58. Kf2 Qf8+ 59.
Nf4 Rc7 60. Qxd4+ Rg7 61. Qb6 gxf4 62. Qxh6+ Kg8 63. gxf4 Rg2+ 0-1

[Event "12sen.WM-H Naumburg"]
[Site "Naumburg/Saale(20.10.-03.11.)"]
[Date "2002.10.28"]
[Round "6"]
[White "Boeven, Manfred"]
[Black "Olsen, Willy"]
[Result "0-1"]
[WhiteElo "2154"]
[BlackElo "1842"]
[PlyCount "63"]
[EventDate "2002.11.??"]

1. d4 d5 2. Nc3 Nf6 3. Bg5 Bf5 4. f3 Nbd7 5. g4 Bg6 6. h4 h6 7. Bf4 e6 8. Nb5
Bb4+ 9. c3 Ba5 10. e3 a6 11. Na3 O-O 12. Bd3 Bxd3 13. Qxd3 Re8 14. g5 Nh5 15.
Ne2 e5 16. dxe5 Nxe5 17. Bxe5 Rxe5 18. f4 Re4 19. O-O-O Bb6 20. Nc2 Qe8 21. Rh3
c6 22. gxh6 Qe6 23. h7+ Kxh7 24. Rf3 Re8 25. Ng3 Qg4 26. Nd4 Bxd4 27. exd4 Nxf4
28. Rxf4 Qxf4+ 29. Kc2 Kg8 30. Rf1 Qxh4 31. Qf3 f6 32. Kb3 0-1

[Event "12sen.WM-H Naumburg"]
[Site "Naumburg/Saale(20.10.-03.11.)"]
[Date "2002.10.28"]
[Round "6"]
[White "Braun, Gottfried_Dr"]
[Black "Davydov, Michael"]
[Result "0-1"]
[WhiteElo "2243"]
[BlackElo "2038"]
[PlyCount "108"]
[EventDate "2002.11.??"]

1. e4 c6 2. d4 d5 3. exd5 cxd5 4. c4 Nf6 5. Nc3 g6 6. cxd5 Bg7 7. Bc4 Nbd7 8.
Nf3 O-O 9. O-O Nb6 10. Bb3 Nbxd5 11. Nxd5 Nxd5 12. Re1 Bg4 13. Bg5 Re8 14. h3
Be6 15. Rc1 Qd6 16. Qd2 Rac8 17. Bh6 Rxc1 18. Rxc1 Bf6 19. Ng5 Bxg5 20. Qxg5 b6
21. Qe5 Qxe5 22. dxe5 f6 23. f4 Kf7 24. Rc6 b5 25. g4 f5 26. gxf5 gxf5 27. Kf2
Rb8 28. Ra6 Rb7 29. Bd1 Nb6 30. Bh5+ Kg8 31. Ra3 Kh8 32. Rg3 Rc7 33. Ke1 a5 34.
b3 Nd5 35. Kd2 b4 36. Rd3 Kg8 37. Bf3 Rc5 38. Rd4 Kf7 39. Bh5+ Kg8 40. Be2 Kf7
41. Bf3 Ke8 42. Bg5 Nc3 43. Bh5+ Bf7 44. Bxf7+ Kxf7 45. Bh4 Ke6 46. Rd8 Nxa2
47. Re8 Rc7 48. Ra8 Nc1 49. Ra6+ Kd7 50. e6+ Kc8 51. Bf2 Nxb3+ 52. Kd1 Rc1+ 53.
Ke2 Rc2+ 54. Kf3 Kb7 0-1

[Event "12sen.WM-H Naumburg"]
[Site "Naumburg/Saale(20.10.-03.11.)"]
[Date "2002.10.28"]
[Round "6"]
[White "Braune, Herbert"]
[Black "Roettger, Johann"]
[Result "1-0"]
[WhiteElo "1556"]
[BlackElo "1102"]
[PlyCount "42"]
[EventDate "2002.11.??"]

1. e4 e5 2. Nf3 Nc6 3. Bc4 h6 4. d4 exd4 5. Nxd4 Nxd4 6. Qxd4 d6 7. O-O Nf6 8.
Nc3 Be7 9. Be3 c5 10. Qd2 O-O 11. Rad1 a6 12. a4 Nh7 13. Bf4 Bg5 14. Qxd6 Qxd6
15. Bxd6 Re8 16. Bxc5 Be6 17. Bxe6 Rxe6 18. Rfe1 Bf6 19. Bd4 Rd8 20. Bxf6 Rxd1
21. Rxd1 Nxf6 1-0

[Event "12sen.WM-H Naumburg"]
[Site "Naumburg/Saale(20.10.-03.11.)"]
[Date "2002.10.28"]
[Round "6"]
[White "Breustedt, Werner"]
[Black "Didu, Kaplan"]
[Result "1/2-1/2"]
[WhiteElo "2264"]
[BlackElo "2076"]
[PlyCount "85"]
[EventDate "2002.11.??"]

1. d4 Nf6 2. c4 c5 3. d5 d6 4. f3 g6 5. e4 Bg7 6. Bd3 O-O 7. Nc3 a6 8. a4 Nbd7
9. Nge2 Ne5 10. O-O Nfd7 11. f4 Nxd3 12. Qxd3 Qb6 13. Bd2 Qb3 14. Nc1 Qb4 15.
Ra2 Qb6 16. b3 Nf6 17. a5 Qc7 18. Na4 Bd7 19. Nb6 Rad8 20. Bc3 e6 21. Kh1 Qb8
22. Re2 exd5 23. Bxf6 Bxf6 24. Nxd5 Bg7 25. f5 Rfe8 26. f6 Bf8 27. Na2 Re5 28.
Nac3 Rde8 29. Rb2 Bc6 30. b4 cxb4 31. Rxb4 Qd8 32. Rb6 Qd7 33. h3 Rh5 34. Qf3
Rhe5 35. Rfb1 Kh8 36. Qf2 Rc8 37. Qd4 Kg8 38. Nb4 Rxa5 39. Nxc6 bxc6 40. Rb7
Rc7 41. Rb8 Rc8 42. R8b7 Rc7 43. Rb8 1/2-1/2

[Event "12sen.WM-H Naumburg"]
[Site "Naumburg/Saale(20.10.-03.11.)"]
[Date "2002.10.28"]
[Round "6"]
[White "Broberg, Horst"]
[Black "Piastowski, Kurt"]
[Result "1-0"]
[WhiteElo "2157"]
[BlackElo "1887"]
[PlyCount "49"]
[EventDate "2002.11.??"]

1. e4 d6 2. d4 Nf6 3. Nc3 g6 4. Nf3 Bg7 5. Be2 c6 6. O-O Nbd7 7. a4 e5 8. dxe5
dxe5 9. b3 O-O 10. Ba3 Re8 11. Bc4 h6 12. Qd2 b6 13. Rad1 Bb7 14. Qe2 Bf8 15.
Bd6 Kg7 16. Bxe5 Qc8 17. Bd6 Bxd6 18. Rxd6 Nxe4 19. Nxe4 Nc5 20. Nfd2 f5 21.
Qf3 Nxe4 22. Nxe4 Rxe4 23. Qc3+ Kh7 24. Qf6 Rg4 25. Qf7+ 1-0

[Event "12sen.WM-H Naumburg"]
[Site "Naumburg/Saale(20.10.-03.11.)"]
[Date "2002.10.28"]
[Round "6"]
[White "Burreh, Heinz"]
[Black "Oelert, Ralf"]
[Result "0-1"]
[WhiteElo "1826"]
[BlackElo "2077"]
[PlyCount "92"]
[EventDate "2002.11.??"]

1. e4 e5 2. Nf3 Nc6 3. Nc3 Nf6 4. d4 exd4 5. Nxd4 Bb4 6. Nxc6 bxc6 7. Bd2 O-O
8. Bd3 d6 9. O-O Qe7 10. Re1 Qe5 11. h3 Nh5 12. a3 Bc5 13. Be3 Rb8 14. Bxc5
Qxc5 15. Qf3 g6 16. g4 Ng7 17. Nd1 Ne6 18. Qf6 h5 19. b4 Qd4 20. Qxd4 Nxd4 21.
Re3 hxg4 22. hxg4 Bxg4 23. f4 Kg7 24. Nf2 Bd7 25. c3 Ne6 26. f5 Nf4 27. Bc2 Rg8
28. fxg6 Nxg6 29. Nd3 Kf6 30. Kf2 Ne5 31. Rg3 Rxg3 32. Kxg3 Rg8+ 33. Kf4 Rg4+
34. Ke3 Nc4+ 35. Kd4 Nxa3 36. Rf1+ Ke7 37. Bb3 d5 38. Kc5 Rxe4 39. b5 Nxb5 40.
Nb4 Re6 41. c4 dxc4 42. Bxc4 Re5+ 43. Nd5+ cxd5 44. Bb3 d4+ 45. Bd5 Be6 46. Kc4
Bxd5+ 0-1

[Event "12sen.WM-H Naumburg"]
[Site "Naumburg/Saale(20.10.-03.11.)"]
[Date "2002.10.28"]
[Round "6"]
[White "Chehlov, Alexander"]
[Black "Malich, Burkhard_Dr"]
[Result "0-1"]
[WhiteElo "2274"]
[BlackElo "2370"]
[PlyCount "184"]
[EventDate "2002.11.??"]

1. e4 e5 2. f4 exf4 3. Nf3 h6 4. Nc3 d6 5. d4 g5 6. g3 fxg3 7. h4 g4 8. Ng1 Bg7
9. Be3 Nf6 10. Bg2 c6 11. Qd2 d5 12. Nge2 dxe4 13. Nxg3 Nd5 14. Nh5 Nxe3 15.
Nxg7+ Kf8 16. Qxe3 Kxg7 17. O-O-O f5 18. d5 Nd7 19. Bxe4 fxe4 20. Nxe4 Qe7 21.
Rhf1 cxd5 22. Rxd5 Rf8 23. Rxf8 Qxf8 24. Qd4+ Kh7 25. Qd3 Kh8 26. Qe3 Nb6 27.
Qd4+ Kh7 28. Nf6+ Kg6 29. h5+ Kf7 30. Nh7 Qe7 31. Re5 Be6 32. Qf4+ Kg7 33.
Qxg4+ Bxg4 34. Rxe7+ Kh8 35. Nf6 Bf5 36. Re5 Rf8 37. Rxf5 Kg7 38. Ra5 Rxf6 39.
Rxa7 Rf7 40. b3 Nd5 41. Ra5 Nf4 42. Rb5 Kf6 43. a4 Rc7 44. Kd2 Rd7+ 45. Ke3
Nd5+ 46. Kf3 Ne7 47. a5 Nc6 48. Rc5 Ke6 49. a6 Kd6 50. b4 bxa6 51. c3 Rb7 52.
Rf5 Ke6 53. Rc5 Rf7+ 54. Ke4 Kd6 55. Rd5+ Kc7 56. b5 Ne7 57. Re5 a5 58. c4 Nc8
59. Rc5+ Kd7 60. Rc6 Nd6+ 61. Kd3 Rf3+ 62. Kc2 Rf5 63. c5 Nxb5 64. Rxh6 Rxc5+
65. Kb3 Nd4+ 66. Ka4 Nc6 67. Rh8 Kc7 68. h6 Kb6 69. Rf8 Rc4+ 70. Kb3 Rb4+ 71.
Ka3 Rh4 72. Rf6 Rh5 73. Ka4 Kc5 74. Rg6 Rh4+ 75. Ka3 Kd5 76. Kb3 Ne5 77. Rg5
Kd6 78. Rg3 Rxh6 79. Ka4 Nc6 80. Kb5 Rh5+ 81. Kb6 Kd5 82. Rc3 Rh6 83. Kb5 Kd4
84. Ra3 Re6 85. Ra4+ Kc3 86. Rh4 Rd6 87. Rh3+ Rd3 88. Rh6 Kb3 89. Kxc6 a4 90.
Kc5 Rc3+ 91. Kb5 a3 92. Ra6 a2 0-1

[Event "12sen.WM-H Naumburg"]
[Site "Naumburg/Saale(20.10.-03.11.)"]
[Date "2002.10.28"]
[Round "6"]
[White "Chernikov, Oleg_L"]
[Black "Lieb, Harald"]
[Result "1/2-1/2"]
[WhiteElo "2464"]
[BlackElo "2314"]
[PlyCount "67"]
[EventDate "2002.11.??"]

1. d4 d5 2. c4 c6 3. e3 Nf6 4. Bd3 e6 5. Nd2 Nbd7 6. Ngf3 Bd6 7. e4 dxe4 8.
Nxe4 Nxe4 9. Bxe4 Nf6 10. Bc2 c5 11. dxc5 Qa5+ 12. Bd2 Qxc5 13. Qe2 b5 14. b4
Qxc4 15. Bd3 Qg4 16. Bxb5+ Bd7 17. O-O Rd8 18. Bc3 O-O 19. Bxf6 gxf6 20. Bxd7
Rxd7 21. a3 Qh5 22. h3 Rfd8 23. Rac1 Bf8 24. Rc4 Qf5 25. Rg4+ Kh8 26. Qb2 Rd1
27. Qb3 Rxf1+ 28. Kxf1 Qd3+ 29. Qxd3 Rxd3 30. a4 Rb3 31. b5 Bc5 32. Rc4 Bb6 33.
Nd4 Rb2 34. Ke1 1/2-1/2

[Event "12sen.WM-H Naumburg"]
[Site "Naumburg/Saale(20.10.-03.11.)"]
[Date "2002.10.28"]
[Round "6"]
[White "Daniel, Wolfgang"]
[Black "Fischer, Ernst[37Weiden]"]
[Result "1/2-1/2"]
[WhiteElo "1885"]
[BlackElo "1981"]
[PlyCount "91"]
[EventDate "2002.11.??"]

1. e4 c5 2. c4 e6 3. Nc3 a6 4. Nf3 Qc7 5. d4 cxd4 6. Nxd4 Nf6 7. a3 b6 8. Bd3
d6 9. Be3 Nbd7 10. Rc1 Ne5 11. Be2 Bb7 12. f3 Rc8 13. O-O Be7 14. b3 O-O 15. f4
Ned7 16. Bf3 Qb8 17. f5 e5 18. Nde2 b5 19. cxb5 axb5 20. Ng3 Bc6 21. Qd2 Qa8
22. a4 bxa4 23. bxa4 Nc5 24. Bxc5 dxc5 25. Qc2 c4 26. Rfd1 Qa5 27. Nge2 Ra8 28.
Ra1 Bb4 29. h3 Ra7 30. Kh1 Qc5 31. Nd5 Nxd5 32. exd5 Bd7 33. f6 g6 34. Ng3 Rc8
35. Ne4 Bf5 36. Qc1 Bxe4 37. Bxe4 Qf8 38. Bc2 Ra6 39. Rf1 Qd8 40. Qb2 Bd6 41.
Qc3 Rc5 42. Rad1 Raa5 43. Qf3 Qa8 44. Qe4 Qb7 45. Qg4 Qc8 46. Qe4 1/2-1/2

[Event "12sen.WM-H Naumburg"]
[Site "Naumburg/Saale(20.10.-03.11.)"]
[Date "2002.10.28"]
[Round "6"]
[White "De_Mol, Fer"]
[Black "Ollek, Karl_Heinz"]
[Result "1-0"]
[WhiteElo "1313"]
[BlackElo "1663"]
[PlyCount "84"]
[EventDate "2002.11.??"]

1. e4 d6 2. d4 g6 3. Be3 Bg7 4. Bd3 Nf6 5. c3 O-O 6. Ne2 Nbd7 7. f4 Ng4 8. Bd2
c5 9. h3 Ngf6 10. Na3 a6 11. Ng3 b5 12. O-O Nb6 13. Nc2 c4 14. Be2 d5 15. e5
Ne4 16. Rf3 f5 17. Be1 e6 18. Nh1 Bh6 19. h4 a5 20. Bf2 Qe7 21. Be3 b4 22. Qe1
bxc3 23. bxc3 Na4 24. Bc1 Rf7 25. Ba3 Qe8 26. Nf2 Bf8 27. Bc1 Rb7 28. Nh3 Rab8
29. Ng5 h6 30. Nxe4 fxe4 31. Rg3 Rg7 32. Qd1 Bd7 33. Ba3 Nb2 34. Bxb2 Rxb2 35.
Qc1 Rb5 36. Kf2 g5 37. hxg5 hxg5 38. Qh1 gxf4 39. Rh3 Rg3 40. Rh8+ Kf7 41. Qh5+
Ke7 42. Qh4+ Rg5 1-0

[Event "12sen.WM-H Naumburg"]
[Site "Naumburg/Saale(20.10.-03.11.)"]
[Date "2002.10.28"]
[Round "6"]
[White "Demmer, Wolfgang"]
[Black "Maassen, Hermann"]
[Result "1-0"]
[WhiteElo "1753"]
[BlackElo "1635"]
[PlyCount "71"]
[EventDate "2002.11.??"]

1. e4 e6 2. d4 d5 3. exd5 exd5 4. Nf3 Nf6 5. c4 Bb4+ 6. Bd2 Bxd2+ 7. Nbxd2 O-O
8. Be2 dxc4 9. Nxc4 Nc6 10. O-O Bg4 11. Nce5 Bxf3 12. Nxf3 Nd5 13. Bb5 Nce7 14.
Rc1 c6 15. Bd3 Ng6 16. Re1 Qf6 17. Ne5 Rfe8 18. Bxg6 fxg6 19. Qb3 Re7 20. Re3
Kh8 21. Rf3 Qg5 22. Re1 Qd2 23. Rd1 Qg5 24. Nf7+ Rxf7 25. Rxf7 Nf4 26. Qf3 Ne6
27. g3 h5 28. h4 Qd8 29. Rxb7 Nxd4 30. Qf7 Ne2+ 31. Kg2 Qf6 32. Rdd7 Rf8 33.
Qxf6 Rxf6 34. Rf7 Nd4 35. Rxf6 gxf6 36. Rxa7 1-0

[Event "12sen.WM-H Naumburg"]
[Site "Naumburg/Saale(20.10.-03.11.)"]
[Date "2002.10.28"]
[Round "6"]
[White "Dille, Janis"]
[Black "Moschell, Hans_Helmut"]
[Result "0-1"]
[WhiteElo "2158"]
[BlackElo "1847"]
[PlyCount "119"]
[EventDate "2002.11.??"]

1. e4 c5 2. f4 d6 3. Nf3 Nc6 4. Bc4 e6 5. O-O Nf6 6. d3 a6 7. c3 Be7 8. Bb3 O-O
9. h3 d5 10. e5 Ne8 11. d4 g6 12. Be3 b6 13. Nbd2 Ng7 14. g4 c4 15. Bc2 b5 16.
Kg2 b4 17. Qe1 Qa5 18. cxb4 Nxb4 19. Bb1 Bd7 20. h4 h5 21. Qg3 hxg4 22. Qxg4
Nf5 23. Bf2 Kg7 24. h5 Rh8 25. hxg6 fxg6 26. Rg1 Rh6 27. Ng5 Nd3 28. Ndf3 Rah8
29. Bxd3 cxd3 30. a3 Qb6 31. b4 Ba4 32. Rh1 Rxh1 33. Rxh1 Rxh1 34. Kxh1 Bd7 35.
Qh3 Nh6 36. Be3 Qc6 37. Qf1 Qc2 38. Bd2 Bxg5 39. fxg5 Nf5 40. Qc1 Qxc1+ 41.
Bxc1 Ng3+ 42. Kg2 Ne4 43. Kf1 Ba4 44. Ke1 Kf7 45. Nh4 Bc2 46. Ng2 Ba4 47. Bf4
Bb3 48. Nh4 Ba4 49. Nf3 Bc2 50. Nd2 Nc3 51. Nf3 Ne4 52. Bc1 Ba4 53. Nh2 Bc2 54.
Ng4 Nc3 55. Ne3 Bb1 56. Bb2 Ne4 57. a4 d2+ 58. Ke2 Ke7 59. b5 axb5 60. axb5 0-1

[Event "12sen.WM-H Naumburg"]
[Site "Naumburg/Saale(20.10.-03.11.)"]
[Date "2002.10.28"]
[Round "6"]
[White "Donchenko, Anatoli"]
[Black "Opl, Klaus_Dr"]
[Result "1-0"]
[WhiteElo "2448"]
[BlackElo "2279"]
[PlyCount "85"]
[EventDate "2002.11.??"]

1. Nf3 Nf6 2. c4 c6 3. d4 d5 4. Qc2 dxc4 5. Qxc4 Bf5 6. Nc3 e6 7. g3 b5 8. Qb3
b4 9. Nb1 Nbd7 10. Bg2 c5 11. O-O Be4 12. Nbd2 Bd5 13. Qa4 Qb6 14. Ne5 Bxg2 15.
Kxg2 cxd4 16. Ndf3 Qb7 17. Rd1 Bc5 18. Qc6 Qxc6 19. Nxc6 Rc8 20. Ncxd4 O-O 21.
Bd2 e5 22. Nb3 Be7 23. Rac1 Rfe8 24. Be3 a6 25. h3 h6 26. g4 e4 27. Nfd4 Nd5
28. Rxc8 Rxc8 29. Nf5 N7f6 30. Nxe7+ Nxe7 31. Rc1 Rxc1 32. Bxc1 Ned5 33. Kg3 h5
34. Bg5 hxg4 35. Bxf6 Nxf6 36. hxg4 Nd5 37. Nc5 e3 38. Nxa6 Kf8 39. f4 Ke7 40.
Nc5 Kd6 41. Nd3 g6 42. Kf3 f5 43. g5 1-0

[Event "12sen.WM-H Naumburg"]
[Site "Naumburg/Saale(20.10.-03.11.)"]
[Date "2002.10.28"]
[Round "6"]
[White "Dorawa, Bernhard"]
[Black "Ristic, Sreten"]
[Result "1-0"]
[WhiteElo "2148"]
[BlackElo "1796"]
[PlyCount "129"]
[EventDate "2002.11.??"]

1. e4 d5 2. exd5 Qxd5 3. Nc3 Qa5 4. d4 c6 5. Nf3 Bg4 6. Be2 Nd7 7. h3 Bxf3 8.
Bxf3 Ngf6 9. O-O e6 10. Qe2 Be7 11. Bd2 Qb6 12. Qc4 Qc7 13. Rfe1 Nb6 14. Qb3 a5
15. Bf4 Qd8 16. a4 Bb4 17. Red1 Qe7 18. Ne2 c5 19. c3 c4 20. Qc2 Bd6 21. Bxd6
Qxd6 22. Bxb7 Rb8 23. Ba6 g5 24. Bb5+ Ke7 25. Ng3 Qd5 26. Re1 Nbd7 27. Nf5+ Kf8
28. Ne3 Qd6 29. Nxc4 Qc7 30. Ne5 Nxe5 31. Rxe5 g4 32. h4 Rg8 33. g3 h6 34. Qd2
Kg7 35. Qf4 Qb7 36. Rc5 Qf3 37. Qxf3 gxf3 38. Re1 Nd5 39. Bc4 Nf4 40. b3 Ng2
41. Rb1 Kf6 42. Rxa5 Nxh4 43. Bd3 Nf5 44. Be4 h5 45. Bxf3 h4 46. Rb5 hxg3 47.
Rxb8 gxf2+ 48. Kxf2 Rxb8 49. a5 Nd6 50. Ke2 Nb5 51. Kd3 e5 52. Bc6 exd4 53.
cxd4 Ke6 54. Bxb5 Rxb5 55. b4 Kd5 56. a6 Kc6 57. a7 Kb7 58. Ra1 Ka8 59. Kc4 Rh5
60. b5 Rh2 61. b6 Rc2+ 62. Kb4 Rc8 63. d5 f5 64. d6 Rc2 65. Re1 1-0